Uzupełnij tytuły piosenek świątecznych - Statystyki

Ogólne statystyki
  • Ten quiz został rozwiązany 33 razy
  • Średni wynik to 11 z 18
Statystyki odpowiedzi
Tekst Luka % Poprawnych
Last _______ christmas
97%
Dzień jeden w _____ roku
97%
All I Want for Christmas is ____ you
94%
______ Bells jingle
88%
Let it ____! Let it ____! Let it ____! snow
88%
Merry Christmas _____ everyone
84%
Ding ____ dong
72%
Feliz ______ navidad
72%
Kto ____? wie
69%
____man snow
66%
It's beginning to look a lot _____ Christmas like
63%
Rockin' ______ the Christmas Tree around
50%
Holly _____ Christmas jolly
41%
Zaśnieżone _____ miasta
38%
Santa ____ Me tell
34%
Carol of the _____ bells
31%
Santa's _______ for Us coming
25%
Mistletoe and ____ wine
19%
Nie znaleziono quizów pasujących do podanych kryteriów
Rozkład punktacji
Procent ludzi z każdym wynikiem
Percentyl według liczby udzielonych odpowiedzi
Twoja historia wyników
Nie rozwiązałeś tego quizu